| 000 | 02377nam a22002777a 4500 | ||
|---|---|---|---|
| 003 | OSt | ||
| 005 | 20240918112151.0 | ||
| 008 | 240917s2024 mx a|||f |||| 001 0 spa d | ||
| 020 | _a9786071206589 | ||
| 040 |
_aCHAP _cCHAP _erda |
||
| 082 | 0 | 0 |
_222 _a378.72092 _bR93 |
| 100 | 1 |
_aRuíz Figueroa, José Feliciano _9100875 |
|
| 245 | 1 | 0 |
_aReflexiones de un agrónomo sui géneris: _bmi testamento académico, el lado b de Chapingo / _cpor José Feliciano Ruíz Figueroa |
| 250 | _aPrimera edición | ||
| 264 | 1 |
_aMéxico: _bUniversidad Autónoma Chapingo, _c2024. |
|
| 300 |
_a429 páginas: _bIlustraciones, cuadros |
||
| 336 |
_2rdacontent _atexto _btxt |
||
| 337 |
_2rdamedia _asin medio _bn |
||
| 338 |
_2rdacarrier _avolumen _bnc |
||
| 500 | _aIncluye índice y bibliografía | ||
| 520 | _aIndiscutiblemente es necesaria una renovación para la Universidad Autónoma Chapingo en un sentido amplio. Con una antiguedad de más de 167 años, esta institución se ha quedado anquilosada en el tiempo y en el espacio, académicamente está desfasada más de 30 años con respecto a los avances científicos y tecnológicos del primer mundo; mi propuesta es drástica, se tiene que recuperar el tiempo perdidi con la consigna de "Renovarse o Morir". La ENA debe fenecer para que surja la UACH y se deje de vivir en la nostalgia junto con la añoranza del pasado. La historia reconoce las glorias de la ENA y hay que sepultarlos con honor. Permitamos y aceptemos que la UACH surja con ímpetu, en esta publicación encontrarás una decena de propuestas, entre ellas; el cambio del modelo de producción convencional por uno alternativo, la formación de agrónomo alternativo y la creación de la División de Recursos Naturales Renovables y Agriculturas Alternativas (Direnayaa) seguramente no son suficientes, faltarán más propuestas que tendrán que analizarse en el Congreso Universitario de Chapingo, con la participación de los egresados más brillantes, evitando la endogamia chapinguera que tanto ha dañado a este órgano educativo, haciéndonos creer que el ingeniero agrónomo convencional es lo que México necesita. Como Chapingo abrámonos al mundo, tenemos mucho que dar y también que recibir. | ||
| 650 | 4 |
_aUACH _xEstudiantes _xAnecdotas _9131248 |
|
| 650 | 4 |
_aUACH _xProfesores _9115806 |
|
| 650 | 4 |
_aUACH _xPlanes de estudio _9115804 |
|
| 942 |
_2ddc _cLIBRO |
||
| 999 |
_c220171 _d220171 |
||